Library Banner

The state of the world's children 1987 (Record no. 21325)

MARC details
000 -LEADER
fixed length control field 00425nam a2200169Ia 4500
001 - CONTROL NUMBER
control field 21005
003 - CONTROL NUMBER IDENTIFIER
control field PK-LaUMT
005 - DATE AND TIME OF LATEST TRANSACTION
control field 20220902160513.0
008 - FIXED-LENGTH DATA ELEMENTS--GENERAL INFORMATION
fixed length control field 140408s9999 xx 000 0 und d
040 ## - CATALOGING SOURCE
Transcribing agency PK-LaUMT
082 ## - DEWEY DECIMAL CLASSIFICATION NUMBER
Classification number W 305.231091724
Item number UNI-S
245 #4 - TITLE STATEMENT
Title The state of the world's children 1987
260 ## - PUBLICATION, DISTRIBUTION, ETC. (IMPRINT)
Place of publication, distribution, etc Englewood Cliffs,USA:
Name of publisher, distributor, etc UNIX Press,
Date of publication, distribution, etc 1986
300 ## - PHYSICAL DESCRIPTION
Extent 88 p.
546 ## - LANGUAGE NOTE
Language note EN
942 ## - ADDED ENTRY ELEMENTS (KOHA)
Koha item type Permanently weeded out collection
Source of classification or shelving scheme Dewey Decimal Classification
Holdings
Withdrawn status Lost status Source of classification or shelving scheme Damaged status Not for loan Home library Current library Date acquired Total Checkouts Full call number Barcode Date last seen Price effective from Koha item type
    Dewey Decimal Classification     UMT Main Campus UMT Main Campus 2014-04-08   W 305.231091724 UNI-S 3138 2014-04-23 2014-04-23 Books
    Dewey Decimal Classification     UMT Main Campus UMT Main Campus 2014-06-19   W 305.231091724 UNI-S 3139 2014-06-19 2014-06-19 Books